000
00289nam a2200085Ia 4500
245
0
_a
Romance 101 : how your relationship can survive your kids, and other passion-killers
100
_a
Bullen, Sarah Cape Town, 2009
_9
76572
942
_c
BK
008
210817s9999 xx 000 0 und d
999
_c
258280
_d
258279